00709nam a2200217Ia 450000500170000000800410001702000180005804000180007604100080009408200210010210000290012324501160015225000120026826000560028030000260033665000290036265000300039165000280042165000220044965000200047120220714114613.0210716s2008 xx 000 0 und d a9788122412386 cAIMIT LIBRARY aeng a003.54 21bVIGR aVigyacharya, Ram Bansal. aInformation systems analysis and design :bmodern approach to systems development /cBy Ram Bansal Vigyacharya. a1st ed. aNew Delhi :bNew Age International Pvt Ltd ,c2008. axvii,374 p. ;c25 cm. aInfosys development plan aInfosys design techniques aModern design Practices aData files design aSoftware design